Statistiken für Alle Super Mario Spiele der Hauptreihe

Klicken Sie hier um das Quiz zu spielen!

Allgemein

  • Dieses Quiz wurde 414 mal gespielt
  • Das Durchschnittsergebnis liegt bei 13 aus 21

Antwortstatistiken

ErstveröffentlichungKonsoleSpiel% Korrekt
13.09.1985 (Japan)NESSuper Mario Bros.
95%
23.06.1996 (Japan)Nintendo 64Super Mario 64
81%
09.10.1988 (USA)NESSuper Mario Bros. 2
80%
21.11.1990 (Japan)SNESSuper Mario World
78%
23.10.1988 (Japan)NESSuper Mario Bros. 3
73%
01.11.2007 (Japan)WiiSuper Mario Galaxy
71%
21.04.1989 (Japan)Game BoySuper Mario Land
71%
23.05.2010 (USA)WiiSuper Mario Galaxy 2
67%
19.07.2002 (Japan)GameCubeSuper Mario Sunshine
67%
15.05.2006 (USA)Nintendo DSNew Super Mario Bros.
66%
21.11.2013 (Japan)Wii USuper Mario 3D World
65%
27.10.2017 (Fast weltweit)Nintendo SwitchSuper Mario Odyssey
65%
03.11.2011 (Japan)Nintendo 3DSSuper Mario 3D Land
55%
15.12.2016 (Fast weltweit)iOSSuper Mario Run
54%
28.07.2012 (Japan)Nintendo 3DSNew Super Mario Bros. 2
49%
18.11.2012 (USA)Wii UNew Super Mario Bros. U
49%
12.11.2009 (Australien)WiiNew Super Mario Bros. Wii
48%
21.10.1992 (Japan)Game BoySuper Mario Land 2: 6 Golden Coins
40%
10.09.2015 (Japan)Wii USuper Mario Maker
37%
28.06.2019 (Weltweit)Nintendo SwitchSuper Mario Maker 2
36%
03.06.1986 (Japan)Disk SystemSuper Mario Bros.: The Lost Levels
31%

Verteilung der Resultate

Perzentil nach korrekt beantworteten Fragen

Anzahl Personen mit jedem Resultat

Ihre Resultats-Entwicklung

Sie haben dieses Quiz noch nicht gespielt